Text book of dynamics (Record no. 136315)

000 -LEADER
fixed length control field 00259nam a2200097Ia 4500
008 - FIXED-LENGTH DATA ELEMENTS--GENERAL INFORMATION
fixed length control field 220120s9999||||xx |||||||||||||| ||und||
100 ## - MAIN ENTRY--PERSONAL NAME
Personal name Sinha, K.C
9 (RLIN) 11398
245 #0 - TITLE STATEMENT
Title Text book of dynamics
260 ## - PUBLICATION, DISTRIBUTION, ETC.
Place of publication, distribution, etc. kiran Kishor Prakasana
Name of publisher, distributor, etc. New Delhi
300 ## - PHYSICAL DESCRIPTION
Extent 774p.
Other physical details 235
Holdings
Withdrawn status Lost status Damaged status Not for loan Collection code Home library Current library Date acquired Barcode Date last seen Price effective from Koha item type
        Mechanical Engineering Central Library Central Library 01/20/2022 GF174 01/20/2022 01/20/2022 Gift Books

Powered by Koha